<?xml version="1.0" encoding="UTF-8"?>
<record
    xmlns:xsi="http://www.w3.org/2001/XMLSchema-instance"
    xsi:schemaLocation="http://www.loc.gov/MARC21/slim http://www.loc.gov/standards/marcxml/schema/MARC21slim.xsd"
    xmlns="http://www.loc.gov/MARC21/slim">

  <leader>01041nam0a2200265   4500</leader>
  <controlfield tag="001">RU\NLR\bibl\1297143</controlfield>
  <controlfield tag="005">20260406082105.0</controlfield>
  <datafield tag="010" ind1=" " ind2=" ">
    <subfield code="a">978-5-353-03716-3</subfield>
    <subfield code="9">10000</subfield>
  </datafield>
  <datafield tag="021" ind1=" " ind2=" ">
    <subfield code="a">RU</subfield>
    <subfield code="b">2008-79171</subfield>
    <subfield code="9">4599</subfield>
  </datafield>
  <datafield tag="035" ind1=" " ind2=" ">
    <subfield code="a">(NLR Aleph) 001282760</subfield>
  </datafield>
  <datafield tag="090" ind1=" " ind2=" ">
    <subfield code="a">509564</subfield>
    <subfield code="c">509564</subfield>
  </datafield>
  <datafield tag="100" ind1=" " ind2=" ">
    <subfield code="a">20081121d2008    |||y0rusy50      ca</subfield>
  </datafield>
  <datafield tag="101" ind1="0" ind2=" ">
    <subfield code="a">rus</subfield>
  </datafield>
  <datafield tag="102" ind1=" " ind2=" ">
    <subfield code="a">RU</subfield>
  </datafield>
  <datafield tag="105" ind1=" " ind2=" ">
    <subfield code="a">a   |||||||||</subfield>
  </datafield>
  <datafield tag="200" ind1="1" ind2=" ">
    <subfield code="a">&#x421;&#x43A;&#x430;&#x437;&#x43A;&#x438; &#x43E; &#x411;&#x430;&#x431;&#x435;-&#x42F;&#x433;&#x435; &#x438; &#x41A;&#x43E;&#x449;&#x435;&#x435; &#x411;&#x435;&#x441;&#x441;&#x43C;&#x435;&#x440;&#x442;&#x43D;&#x43E;&#x43C;</subfield>
    <subfield code="e">[&#x434;&#x43B;&#x44F; &#x434;&#x43E;&#x448;&#x43A;&#x43E;&#x43B;&#x44C;&#x43D;&#x43E;&#x433;&#x43E; &#x438; &#x43C;&#x43B;&#x430;&#x434;&#x448;&#x435;&#x433;&#x43E; &#x448;&#x43A;&#x43E;&#x43B;&#x44C;&#x43D;&#x43E;&#x433;&#x43E; &#x432;&#x43E;&#x437;&#x440;&#x430;&#x441;&#x442;&#x430;</subfield>
    <subfield code="f">&#x445;&#x443;&#x434;&#x43E;&#x436;. &#x410;. &#x41B;&#x435;&#x431;&#x435;&#x434;&#x435;&#x432;]</subfield>
  </datafield>
  <datafield tag="210" ind1=" " ind2=" ">
    <subfield code="a">&#x41C;&#x43E;&#x441;&#x43A;&#x432;&#x430;</subfield>
    <subfield code="c">&#x420;&#x41E;&#x421;&#x41C;&#x42D;&#x41D;</subfield>
    <subfield code="c">&#x420;&#x41E;&#x421;&#x41C;&#x42D;&#x41D;-&#x41F;&#x420;&#x415;&#x421;&#x421;</subfield>
    <subfield code="d">2008</subfield>
  </datafield>
  <datafield tag="215" ind1=" " ind2=" ">
    <subfield code="a">77, [3] &#x441;.</subfield>
    <subfield code="c">&#x446;&#x432;. &#x438;&#x43B;.</subfield>
    <subfield code="d">28</subfield>
  </datafield>
  <datafield tag="225" ind1="1" ind2=" ">
    <subfield code="a">&#x421;&#x43A;&#x430;&#x437;&#x43A;&#x430; &#x437;&#x430; &#x441;&#x43A;&#x430;&#x437;&#x43A;&#x43E;&#x439;</subfield>
  </datafield>
  <datafield tag="702" ind1=" " ind2="1">
    <subfield code="4">040</subfield>
    <subfield code="8">rus</subfield>
    <subfield code="7">ca</subfield>
    <subfield code="a">&#x41B;&#x435;&#x431;&#x435;&#x434;&#x435;&#x432;</subfield>
    <subfield code="b">&#x410;. &#x411;.</subfield>
    <subfield code="c">&#x445;&#x443;&#x434;&#x43E;&#x436;&#x43D;&#x438;&#x43A;-&#x438;&#x43B;&#x43B;&#x44E;&#x441;&#x442;&#x440;&#x430;&#x442;&#x43E;&#x440;</subfield>
    <subfield code="f">1955-</subfield>
    <subfield code="g">&#x410;&#x43B;&#x435;&#x43A;&#x441;&#x430;&#x43D;&#x434;&#x440; &#x411;&#x43E;&#x440;&#x438;&#x441;&#x43E;&#x432;&#x438;&#x447;</subfield>
    <subfield code="3">RU\NLR\AUTH\7746906</subfield>
    <subfield code="9">29841</subfield>
  </datafield>
  <datafield tag="801" ind1=" " ind2="0">
    <subfield code="a">RU</subfield>
    <subfield code="b">NLR</subfield>
    <subfield code="c">20081121</subfield>
    <subfield code="g">RCR</subfield>
  </datafield>
  <datafield tag="801" ind1=" " ind2="1">
    <subfield code="a">RU</subfield>
    <subfield code="b">NLR</subfield>
    <subfield code="c">20081121</subfield>
  </datafield>
  <datafield tag="942" ind1=" " ind2=" ">
    <subfield code="c">BOOK</subfield>
  </datafield>
  <datafield tag="980" ind1=" " ind2=" ">
    <subfield code="a">NB</subfield>
  </datafield>
  <datafield tag="995" ind1=" " ind2=" ">
    <subfield code="5">2008-11-21</subfield>
    <subfield code="a">ad</subfield>
    <subfield code="b">NLR01</subfield>
    <subfield code="c">NLR01</subfield>
    <subfield code="e">RF9</subfield>
    <subfield code="f">2795261</subfield>
    <subfield code="k">2008-8/3332</subfield>
    <subfield code="o">0</subfield>
    <subfield code="r">BOOK</subfield>
    <subfield code="s">200883332_</subfield>
  </datafield>
  <datafield tag="995" ind1=" " ind2=" ">
    <subfield code="5">2008-11-21</subfield>
    <subfield code="a">ad</subfield>
    <subfield code="b">NLR01</subfield>
    <subfield code="c">NLR01</subfield>
    <subfield code="e">OUT02</subfield>
    <subfield code="f">2795262</subfield>
    <subfield code="o">0</subfield>
    <subfield code="r">BOOK</subfield>
  </datafield>
</record>
